000 00521nam a2200181Ia 4500
008 151121s9999||||xx |||||||||||||| ||und||
082 _a76/गोडे
082 _bHNW-17870
100 _aगोडे प। कृ
245 _aकाम-पुरुषार्थ
260 _c--
300 _a321
600 _aगोडे प। कृ
630 _aकाम-पुरुषार्थ
700 _aगोडे प। कृ
730 _aकाम-पुरुषार्थ
942 _cBOOK
999 _c1219920
_d1219917